1783 1792 1364 1543 1238 1268 1421 1687 1374 1365 1533 1859 1454 1234 1944 1130 1912 1471 1064 1823 1487 1945 1335 1242 1863 1541 1099 1227 1433 1756 1510 1103 1810 1697 1588 1177 1610 1983 1754 1654 1833 1011 1595 1486 1700 1404 1129 1632 1082 1814 1848 1745 1113 1404 1954 1483 1253 1718 1733 1875 1446 1644 1787 1515 1604 1540 1319 1911 1012 1299 1372 1752 1276 1472 1673 1442 1626 1695 1361 1282 1538 1417 1106 1289 1642 1085 1371 1638 1305 1656 1457 1097 1184 1496 1001 1510 1601 1396 1254 BCNSPRNW ULIB Ver.6.0+V

เปลี่ยนเป็นภาษาไทย

Change to English
 แสดงรายละเอียดบรรณานุกรม
  กลับหน้าหลัก

Brief Record : Get Marc (ISO 2709) : E-mail record : QR code < ปิดหน้าต่าง
LEADER : 00000nam 2200000uu 4500
001    13399113373
003     ULIB
008    110316s2551||||th 000 0 tha d
020    9741109494
060 04 WY159^bส838ก 2551
100 0  สุภารัตน์ ไวยชีตา
245 00 การพยาบาลผู้ป่วยวิกฤตเด็ก=^b Advanced Pediatric Critical Care Nursing /^cสุภารัตน์ ไวยชีตา, ธิติดา ชัยศุภมงคลลาภ, เรณู พุกบุญมี
246 31 Advanced Pediatric Critical Care Nursing
250    พิมพ์ครั้งที่ 1
260    กรุงเทพฯ:^bคณะแพทยศาสตร์ มหาวิทยาลัยมหิดล,^c2551
300    284 หน้า :^bภาพประกอบ ;^c27 ซม.
650  7 ผู้ป่วยวิกฤตเด็ก
650  7 ผู้ป่วยวิกฤตเด็ก
710 2  มหาวิทยาลัยมหิดล. ^bคณะแพทยศาสตร์
945    ^p0^l0^i023403
945    ^p0^l0^i023404
995    ทศพร
999 ^a ใช้งานได้ทุกระบบ
รายการนี้ยังไม่มีแท็ก
คุณยังไม่ได้ล็อกอิน คุณสามารถมีกิจกรรมร่วมกับเว็บไซต์ได้ แต่ต้องล็อกอินก่อน ::
  ล็อกอิน

รายการสื่อสารสนเทศ

ลำดับที่ ประเภท เลขเรียก/บาร์โค้ด สถานที่ สถานะ
- ไม่พบข้อมูล -

รายการใกล้เคียง
    ผู้แต่ง [สุภารัตน์ ไวยชีตา]

BibComment


ยังไม่เคยถูกคอมเมนท์

คอมเมนท์ทรัพยากรรายการนี้
  คอมเมนท์: การพยาบาลผู้ป่วยว..


 Copyright 2026. Bcnsprnw @Library